MARC

LEADER 00000nam^a2200000^a^4500
001 000183898
005 20250521000000.0
009 20260310102058.119
037 |a Acervo ITESO - Biblioteca 
041 |a ESP 
082 |a 378. 8614  |b PON PUJ 1999 
110 |a Pontificia Universidad Javeriana 
240 1 1 |a [Orientaciones universitarias] 
245 0 1 |a Orientaciones universitarias /  |c Presen. de G. Remolina Vargas. 
264 4 |a Bogotá, Colombia :  |b Pontificia Universidad Javeriana,  |c 1999, c1999 
300 |a 150 p. 
336 |a texto  |b txt  |2 rdacontenido 
337 |a sin mediación  |b n  |2 rdamedio 
338 |a volumen  |b nc  |2 rdasoporte 
440 1 |a (Orientaciones Unviersitarias ;  |v 25) 
610 |a Pontificia Universidad Javeriana 
649 |a XX 
650 |a Jesuitas en la Educación -  |z Colombia 
650 |a Formación y capacitación de Profesores -  |z Colombia 
650 |a Formación y Capacitación de Investigadores -  |z Colombia 
650 |a Evaluación Educativa -  |z Colombia 
650 |a Planeación Educativa -  |z Colombia 
650 |a Objetivo Educativo -  |z Colombia 
650 |a Diseño y Revisión Curricular 
650 |a Currículo 
650 |a Práctica Educativa -  |z Colombia 
650 |a Metodología Educativa -  |z Colombia 
650 |a Pedagogía Ignaciana -  |z Colombia 
650 |a Universidades Privadas -  |z Bogotá, Colombia 
650 |a Universidades Católicas -  |z Bogotá, Colombia -  |x Tema Principal 
650 |a Instituciones Educativas -  |z Bogotá, Colombia 
650 |a Educación Privada -  |z Bogotá, Colombia 
650 |a Educación Formal -  |z Bogotá, Colombia 
650 |a Educación Superior -  |z Colombia 
700 |a Remolina Vargas, Gerardo  |e (presentación) 
910 |a Fondo General 
920 |a Impresos - Libros 
930 |a Colección General 
905 |a 101 
901 |a 0500124528  |b IT1  |c ACC  |u 20250521 
902 |a https://opac.biblio.iteso.mx/vufind/Record/000183898